| 000 | 00713cam a2200229 4500500 | ||
|---|---|---|---|
| 005 | 20260329005713.0 | ||
| 041 | _afre | ||
| 042 | _adc | ||
| 100 | 1 | 0 |
_aNicolas, Ariane _eauthor |
| 245 | 0 | 0 | _aPeter Singer : “Seules les ‘vies bien vécues’ méritent vraiment d’être vécues” |
| 260 | _c2024. | ||
| 500 | _a24 | ||
| 690 | _aAnimal | ||
| 690 | _aAntispécisme | ||
| 690 | _aAriane Nicolas | ||
| 690 | _aHandicap | ||
| 690 | _aJustice | ||
| 690 | _aPeter Singer | ||
| 690 | _aUtilitarisme | ||
| 786 | 0 | _nPhilosophie magazine | 182 | 9 | 2024-09-01 | p. 13-15 | 1951-1787 | |
| 856 | 4 | 1 | _uhttps://shs.cairn.info/magazine-philosophie-magazine-2024-9-page-13?lang=fr&redirect-ssocas=7080 |
| 999 |
_c1845783 _d1845783 |
||